| 000 | 00897nam a22002657i 4500 | ||
|---|---|---|---|
| 999 |
_c22756 _d22756 |
||
| 003 | AR-CdUCM | ||
| 008 | 240116b20162016pe ||||| |||| 00| 0 spa d | ||
| 040 |
_aMUNICIPALIDAD PROVINCIAL DEL CUSCO _cBIBLIOTECA MUNICIPAL DEL CUSCO |
||
| 041 | _hspa | ||
| 082 |
_a005.369E / C76 _bC76 |
||
| 100 |
_aCondori Mamani, Wilber _949293 |
||
| 245 | _aFull prácticas con Excel / | ||
| 260 |
_aSicuani-Cusco : _c2016 |
||
| 300 |
_a99 páginas. : _c30 cm. |
||
| 505 | _aComputación -- Partes de la computadora -- Hardware -- Software -- Elementos de almacenamiento -- Microsoft Excel -- Barra de herramientas | ||
| 650 |
_aComputación _949294 |
||
| 650 |
_aInformática _938229 |
||
| 650 |
_aExcel _949295 |
||
| 650 |
_aHarware _949296 |
||
| 650 |
_aSoftware _949297 |
||
| 650 |
_aBarra de fórmulas _949298 |
||
| 650 |
_aBarra de dibujo _949299 |
||
| 942 |
_2ddc _cLIBROS |
||
| 945 |
_apbj _d16-01-2024 |
||